000 00587nam a22002417a 4500
003 OSt
005 20140310182957.0
008 130207t xxu||||| |||| 00| 0 eng d
020 _a9712328597
050 _aLB 1025.2
_b.B636 2000
100 _aBoiser-Castillon, Diosdada
245 _aStrategies for teaching :
_ca modular approach.
260 _aManila :
_bRex Book Store,
_c2000.
300 _a177 p. :
_c 22 cm.
521 _aEDU
562 _e5
942 _2lcc
_cBK
_kLOC
999 _c18021
_d18021